000 00529nam a2200205 a 4500
999 _c659
_d659
008 191004r19702013ii ||||g |||| 00| 0 mal d
020 _a9788126402588
_cRs.60.00
040 _aKO
_beng
041 0 _amal
044 _aii
082 0 4 _223
_a914
_bP85
100 1 _aPottekkatt, S. K.
245 1 0 _aLondon Note Book /
_cS. K. Pottekkatt
260 _aKottayam :
_bD. C. Books ,
_c1970, reprinted 2013
300 _a82 p. ;
_c21 cm.
650 0 _aMalayalam literature
_vTravelogue
904 _aA_BOSE
942 _cBK